"Shemurenga: The Zimbabwean women's movement, 1995-2000" (Record no. 16895)
[ view plain ]
| 000 -LEADER | |
|---|---|
| fixed length control field | 00350nam a2200121Ia 4500 |
| 008 - FIXED-LENGTH DATA ELEMENTS--GENERAL INFORMATION | |
| fixed length control field | 191206s9999 xx 000 0 und d |
| 020 ## - INTERNATIONAL STANDARD BOOK NUMBER | |
| International Standard Book Number | 9.78178E+12 |
| 090 ## - | |
| -- | HQ1801E86 |
| 245 #0 - TITLE STATEMENT | |
| Title | "Shemurenga: The Zimbabwean women's movement, 1995-2000" |
| 260 ## - PUBLICATION, DISTRIBUTION, ETC. | |
| Date of publication, distribution, etc. | c2013 |
| 300 ## - PHYSICAL DESCRIPTION | |
| Extent | "xi, 109 pages ; 21 cm" |
| Withdrawn status | Lost status | Source of classification or shelving scheme | Damaged status | Not for loan | Home library | Current library | Date acquired | Inventory number | Total Checkouts | Full call number | Barcode | Date last seen | Price effective from | Koha item type |
|---|---|---|---|---|---|---|---|---|---|---|---|---|---|---|
| CUZ Bulawayo Campus | CUZ Bulawayo Campus | 06.12.2019 | CUB00682 | HQ1801E86 | BBK001567 | 03.04.2025 | 06.12.2019 | OS Book |